Líneas fundamentales de la crítica de la economía política segunda mitad : Grundrisse/

Capitulo III del Capital, en dónde Marx trata sobre la circulación del capital.

محفوظ في:
التفاصيل البيبلوغرافية
المؤلف الرئيسي: Marx, Karl (autor)
التنسيق: كتاب
اللغة:الإسبانية
منشور في: Barcelona, España : Crítica, 1978, c1978
سلاسل:(OME ; Obras de Marx y Engels) 22.
الموضوعات:
الوسوم: إضافة وسم
لا توجد وسوم, كن أول من يضع وسما على هذه التسجيلة!

MARC

LEADER 00000nam^a2200000^a^4500
001 000182785
005 20250521000000.0
009 20260310102017.57
020 |a 84-7423-039-X 
020 |a 84-7423-041-1 
037 |a Acervo ITESO - Biblioteca 
041 |a ESP 
082 |a 330. 159  |b MAR V. 2 
100 |a Marx, Karl  |e (autor) 
240 1 4 |a [El capital] 
240 1 1 |a [Líneas fundamentales de la crítica de la economía política] 
245 1 0 |a Líneas fundamentales de la crítica de la economía política  |n segunda mitad :  |p Grundrisse/  |c K. Marx ; dir. de colección de Manuel Sacristán Luzón ; tr. por Javier Pérez Royo. 
264 4 |a Barcelona, España :  |b Crítica,  |c 1978, c1978 
300 |a 551 p. 
336 |a texto  |b txt  |2 rdacontenido 
337 |a sin mediación  |b n  |2 rdamedio 
338 |a volumen  |b nc  |2 rdasoporte 
440 1 |a (OME ;  |v 22.  |p Obras de Marx y Engels) 
520 |a Capitulo III del Capital, en dónde Marx trata sobre la circulación del capital. 
649 |a XX 
650 |a División del Trabajo 
650 |a Proceso de Producción 
650 |a Capitalismo -  |x Historia y Crítica 
650 |a Comunismo 
650 |a Marxismo 
650 |a Economía 
650 |a Política 
650 |a Economía Política 
650 |a Filosofía Política 
650 |a Filosofía del Siglo XIX 
910 |a Fondo General 
920 |a Impresos - Libros 
930 |a Colección General 
905 |a 101 
901 |a 0500122581  |b IT1  |c ACC  |u 20250521 
902 |a https://opac.biblio.iteso.mx/vufind/Record/000182785